| 000 | 00477nam a2200169Ia 4500 | ||
|---|---|---|---|
| 999 |
_c2745 _d2745 |
||
| 003 | OSt | ||
| 005 | 20211026112811.0 | ||
| 008 | 190216s9999||||xx |||||||||||||| ||und|| | ||
| 040 | _coclc | ||
| 082 |
_a530.12 _bTHA/Q |
||
| 100 |
_aThankappan, V K _94431 |
||
| 245 | 0 |
_aQuantum Mechanics / _cV K Thankappan |
|
| 250 | _a1st Ed. | ||
| 260 |
_bWiley Eastern Limited, _c1985. _aNew Delhi: |
||
| 300 | _a516p | ||
| 942 |
_cBK _2ddc _h530.12 _iTHA/Q _k530.12 _mTHA/Q |
||